| 000 | 00506nam a2200181Ia 4500 | ||
|---|---|---|---|
| 003 | GCL | ||
| 008 | 140319s9999 xx 000 0 ara d | ||
| 040 |
_aGCL / _cGCL |
||
| 082 | 0 | 4 |
_a229.5 _bع ش |
| 100 | 1 | _aعبدالسلام العشرى | |
| 245 | 1 | 0 |
_aشجرة الخلد / _cعبدالسلام العشرى |
| 300 | _a150 ص | ||
| 490 |
_aقصص القرآن للناشئين _v0 |
||
| 650 | 0 | 4 | _aالاسلام |
| 650 | 0 | 4 | _aالقصص |
| 650 | 0 | 4 | _aالقصص القرآنية |
| 942 |
_2ddc _cBK |
||
| 999 |
_c43163 _d43163 |
||